Statistics for Philippines Presidents by Picture

Click here to take the quiz!

General Stats

  • This quiz has been taken 112 times
  • The average score is 13 of 16

Answer Stats

Answer% Correct
Emilio Aguinaldo
98%
Rodrigo Duterte
91%
Benigno Aquino III
90%
Ferdinand Marcos
90%
Manuel L. Quezon
90%
Corazon Aquino
89%
Gloria Macapagal Arroyo
87%
Fidel V. Ramos
83%
Ramon Magsaysay
83%
Joseph Estrada
80%
Manuel Roxas
78%
Elpidio Quirino
73%
Diosdado Macapagal
72%
Jose P. Laurel
71%
Sergio Osmeña
70%
Carlos P. Garcia
69%

Score Distribution

Percentile by Number Answered

Percent of People with Each Score

Your Score History

You have not taken this quiz